00878nam a22002537a 450000500170000001000110001702000100002803500110003803700160004904000120006508200160007710000270009324500770012026000510019727000520024830000200030050000200032065000280034065000160036870000100038494200250039499900190041995201860043820170124105957.0 a970652 c00.00 a970652 bCen Lib/Ret aDPLbEN a362.71bDES aDesouza, Alfred914925 aChildren in creshes :cby Alfred Desouza bday care for the urban poor / aNew DelhibIntellectual publishing housec00?? bNew DelhiaE/92, Greater Kailash part 2e110048 a116p.c21cm(Hb) aIncludes index  aDay care centers914926 aPoor914927 914897 2ddccENh362.71mDES c125609d125609 04104070aLbLd2015-06-22eCen Lib/Retg0.00l0o362.71 DESp970652r2015-06-22 00:00:00t1v0.00w2015-06-22yENzWritten off on approval by DLB (By Circulation); dtd 15-06-2023